Statistics for Steven Universe Fusions Quiz

Click here to take the quiz!

General Stats

  • This quiz has been taken 1,654 times
    (1,271 since last reset)
  • The average score is 8 of 9

Answer Stats

HintAnswer% Correct
Ruby and SapphireGarnet
97%
Amethyst and PearlOpal
95%
Steven and ConnieStevonnie
95%
Steven and AmethystSmoky Quartz
90%
Pearl and Rose QuartzRainbow Quartz
89%
Pearl and Garnet and AmethystAlexandrite
84%
Lapis and JasperMalachite
83%
Garnet and AmethystSugilite
83%
Pearl and GarnetSardonyx
82%

Score Distribution

Percentile by Number Answered

Percent of People with Each Score

Your Score History

You have not taken this quiz since the last reset